000 008060000a22002410004500
001 151
003 CO-MdFUSB
005 20160531123617.0
008 160531t1997 miu f |||| 00| 0 eng d
020 _a0-310-48170-8
040 _aCO-MdFUSB
_bEspaƱol
_cCO-MdFUSB
_dCO-MdFUSB
041 0 _aeng
082 0 4 _aR 221.3 V253n
245 1 0 _aNew international
_b : Dictionary of Old Testament theology & exegesis
_c / Willem A. VanGemeren, Editor general
264 _aGrand Rapids, Michigan
_b: Zondervan,
_c1997
300 _a1156 Pag.
336 _2rdacontent
_a1
_ba1
337 _2rdamedia
_a2
_b5
338 _2rdacarrier
_a2
_b5
505 _a1. Theology 2. Criticism, interpretatio 3. Exegesis
653 _aBIBLIA. A.T. \ HEBREO
_a - DICCIONARIOS
_a \ TEOLOGIA
_a \ HERMENEUTICA BIBLICA
942 _cBK
999 _c31689
_d31689